Etika povinnosti

Kant a jeho chápanie človeka. Teória mravnosti. Kantova etika povinnosti.

Gespeichert in:
Bibliographische Detailangaben
1. Verfasser: Bílý, Petr
Format: Buchkapitel
Sprache:Tschechisch
Schlagworte:
Tags: Tag hinzufügen
Keine Tags, Fügen Sie das erste Tag hinzu!

MARC

LEADER 00000naa a2200000 4500
001 r033384
005 20230929090955.1
041 0 |a cze 
044 |a CZ 
245 1 0 |a Etika povinnosti  |c Petr Bílý 
520 |a Kant a jeho chápanie človeka. Teória mravnosti. Kantova etika povinnosti. 
610 2 0 |a teórie ekonomické 
610 2 0 |a filozofia 
610 2 0 |a morálka 
610 2 0 |a etika 
610 2 0 |a Kant, I. 
100 1 |a Bílý, Petr